| 000 | 00473nam a2200133 a 4500 | ||
|---|---|---|---|
| 008 | 120416s1970 ||||||||||||||||| || u | ||
| 050 | _aTA 331 Ros | ||
| 100 | _aRosenbrock, H. H | ||
| 245 | 1 | 0 | _aMathematics of dynamical systems |
| 260 |
_aLondon _bThomas Nelson & Sons _c1970 |
||
| 300 | _ax, 335p. : ill. | ||
| 350 | _a0.00 | ||
| 995 |
_D0.00 _FCBU-MAIN LIBRARY (Kitwe) _H1 _I7.95 _M1 _UDAMAGED _ZMain Library Open Access Collection |
||
| 999 |
_c50740 _d50740 |
||